[Event "FIDE World Cup 2017"]
[Site "Tbilisi"]
[Date "2017.09.11"]
[Round "3.3"]
[White "Aronian, Levon"]
[Black "Matlakov, Maxim"]
[Result "1/2-1/2"]
[WhiteElo "2802"]
[BlackElo "2728"]
[Annotator "TA"]
[PlyCount "110"]
[EventDate "2017.??.??"]
[EventType "k.o."]
[EventCountry "GEO"]
[SourceTitle "playchess.com"]
[Source "ChessBase"]
[SourceQuality "1"]

{[%evp 28,110,8,14,25,22,22,16,17,6,35,0,18,7,35,19,168,137,243,237,227,52,55,27,44,41,44,40,37,41,24,0,0,0,0,0,0,0,3,0,0,0,0,0,0,0,16,16,21,0,8,9,87,13,93,93,93,93,133,120,129,93,93,143,143,31,93,115,129,43,105,0,0,0,0,0,0,0,0,0,0,0,0,0,0]} 1. d4 Nf6 2. c4 e6 3. Nf3 d5 4. Nc3 c5 5. cxd5 Nxd5 6. e4 Nxc3 7. bxc3 cxd4 8. cxd4 Bb4+ 9. Bd2 Bxd2+ 10. Qxd2 O-O 11. Bc4 Nd7 12. O-O {D41: Queen's Gambit Declined: Semi-Tarrasch with 5 cxd5} b6 13. d5 (13. Rac1 Bb7 14. d5 Nc5 15. Rfe1 Qf6 16. Qe3 Rac8 17. e5 Qg6 18. d6 f6 19. Nh4 Qg4 {1-0 (34) Aronian,L (2793)-Kramnik,V (2808) Stavanger 2017}) 13... Nc5 14. Rfe1 Bb7 15. Rad1 {LiveBook: 3 Games} exd5 16. exd5 Qf6 {[#]} 17. Qe3 $146 ({Predecessor:} 17. Ne5 Rfe8 18. Qd4 Qd6 19. Bb5 Red8 20. Bc6 Bxc6 21. Nxc6 Rd7 22. h3 Qf6 23. Qg4 h6 24. Re3 Kh8 25. Rd4 Rg8 26. Ne5 {1-0 (26) Dziuba,M (2556)-Grabarczyk,M (2476) Lublin 2008}) 17... Rad8 18. h4 h6 19. h5 Rd6 20. Rd4 Qf5 21. Nh4 Qd7 (21... Qf6 $1 $11) 22. Qg3 $1 $18 Rf6 (22... Bxd5 $16 23. Bb5 (23. Nf5 Qxf5 24. Qxd6 Ne4 $15) 23... Qxb5) 23. Rg4 Kh8 24. Rxg7 $2 (24. Rf4 $1 $18 {[%cal Rf4f6] Strongly threatening Rxf6.} Rxf4 25. Qxf4) 24... Bxd5 $14 25. Ng6+ Rxg6 $1 26. Rxg6 fxg6 27. Qe5+ Qg7 28. Qxd5 Qf6 $1 {[%cal Rf6f2]} 29. f3 (29. Qd2 $5 {[%cal Rd2h6]} gxh5 30. Re3 $11) 29... Rd8 30. Qf7 Qxf7 $1 31. Bxf7 gxh5 32. Bxh5 $11 {[%mdl 4096] Endgame KRB-KRN} a5 33. Re8+ Rxe8 34. Bxe8 {KB-KN} Kg7 35. Kf2 Kf6 36. Ke3 Ke5 37. f4+ Kf5 38. Kf3 Nd3 39. g4+ Ke6 (39... Kf6 $11 {remains equal.}) 40. a3 (40. Bb5 $1 $16 {[%cal Rb5d3]} Nc5 41. Bc4+ Kf6 42. a3) 40... Ne1+ (40... Nc5 $11) 41. Ke4 $16 Nc2 42. a4 Nb4 {[#]} 43. Bb5 $1 Kf6 44. Be2 Ke6 45. Bc4+ Kf6 46. Bf1 (46. Bb5 $16) 46... Na2 ({Black should play} 46... Ke6 $14) 47. Kd4 Nb4 {[#]} 48. Bd3 (48. Kc4 $1 $16) 48... Ke6 $1 $14 49. Kc4 ({White should try} 49. Bc4+ $16 Kf6 50. Bf1) 49... Nd5 $11 {The position is equal.} 50. g5 Nxf4 51. gxh6 {Black must now prevent h7.} Kf6 52. h7 Kg7 53. Bf5 (53. h8=Q+ $5 Kxh8 54. Be4 $11) 53... Kh8 54. Be4 Kg7 55. Bf3 Ne6 {Precision: White = 51%, Black = 51%.} 1/2-1/2

[Event "FIDE World Cup 2017"]
[Site "Tbilisi"]
[Date "2017.09.11"]
[Round "3.3"]
[White "Grischuk, Alexander"]
[Black "Navara, David"]
[Result "1/2-1/2"]
[WhiteElo "2788"]
[BlackElo "2720"]
[Annotator "TA"]
[PlyCount "134"]
[EventDate "2017.??.??"]
[EventType "k.o."]
[EventCountry "GEO"]
[SourceTitle "playchess.com"]
[Source "ChessBase"]
[SourceQuality "1"]

{[%evp 22,134,33,-11,15,-34,-17,-27,-26,-26,-35,-35,8,0,-3,-1,-11,-11,22,-36,-36,-50,-50,-315,-293,-312,-313,-314,-318,-362,-348,-310,-292,-304,-271,-232,-263,-336,-308,-328,-283,-284,-225,-259,-256,-259,-259,-254,-243,-245,-141,-144,-139,-451,-450,-420,-433,-727,-716,-701,-618,-605,-510,-473,-425,-403,-403,-242,-22,-22,-22,-22,-22,-22,-22,-22,0,-6,-6,-6,0,-22,-22,-22,-22,-22,-22,-22,-22,-22,-22,-22,-22,-22,-22,-22,-22,-22,-22,-22,-22,-22,-22,-22,-22,-22,-22,-22,-22,-22,-22,-22,-22,-22,-22]} 1. Nf3 Nf6 2. g3 c5 3. Bg2 Nc6 4. O-O g6 5. d4 cxd4 6. Nxd4 Bg7 7. c4 O-O 8. Nc2 d6 9. Nc3 Be6 10. b3 Qd7 11. Bb2 Bh3 12. Ne3 {LiveBook: 24 Games. A38: Symmetrical English vs ...g6: 4 Bg2 Bg7 5 Nf3 Nf6} Rfd8 (12... Bxg2 13. Kxg2 e6 14. Qd2 Rad8 15. Rfd1 Rfe8 16. Rab1 a6 17. Kg1 Ne7 18. Qd4 Qc6 19. Rbc1 h5 {½-½ (82) Khismatullin,D (2651)-Macieja,B (2530) Minsk 2017}) 13. Qb1 $146 ({Find the theoretical novelty and annotate with similar games:} 13. Qd2 Bxg2 14. Kxg2 Rac8 15. Rad1 Ne5 16. h3 Qc6+ 17. Kh2 Ned7 18. Ned5 Re8 19. e4 a6 {1-0 (61) Tikhomirov,S (2365)-Korolev,A (2110) Dimitrovgrad 2009}) 13... Bxg2 14. Kxg2 e6 15. Rd1 a6 16. Rd2 Ne5 17. f3 b5 18. Ne4 Nxe4 19. Qxe4 bxc4 20. bxc4 (20. Rad1 $11 f5 21. Qh4 cxb3 22. Rxd6 Qxd6 23. Rxd6 Rxd6 24. Qe7) 20... Rab8 21. Rad1 f5 22. Qf4 $2 {[%mdl 8192] [#]} (22. Qh4 $1 $15) 22... g5 $1 {[%mdl 512]} 23. Qxe5 (23. Qxg5 Rxb2 $1 {[%mdl 512]} 24. Rxd6 (24. Rxb2 $2 Nf7 $19) 24... Qxd6 $19) 23... Bxe5 24. Bxe5 Qa7 25. Bd4 Qe7 26. Bb2 Rbc8 27. Ba3 f4 28. Ng4 {[%cal Ra3d6]} h5 $1 {[%cal Rh5g4]} ({Don't do} 28... Rxc4 29. Bxd6 Qb7 30. Nh6+ Kg7 31. Ng4) 29. Nf2 Rxc4 30. Bxd6 Qh7 31. g4 Kf7 32. gxh5 Rc2 33. Ne4 Rxd2 34. Nxg5+ Kg8 35. Rxd2 Qg7 ({Black should play} 35... Qxh5 $19 36. Ne4 Qb5) 36. h4 $17 Qc3 $1 {[%cal Rc3d2]} 37. Bb4 $2 {[%mdl 8192] [#]} (37. Ne4 $17 {nothing else works.} Qc1 38. Ba3 (38. Bxf4 Rxd2 39. Bxd2 Qc4 $17) 38... Qxd2 39. Nxd2 Rxd2 40. Kf2) 37... Qxd2 $1 $19 38. Bxd2 Rxd2 {[%mdl 4096] Endgame KR-KN} 39. a4 (39. Kf2 $142 e5 40. a3) 39... Rxe2+ 40. Kh3 Kg7 41. Kg4 e5 42. Ne4 Re3 43. Nc5 {[#]} a5 $1 44. Nb7 Rc3 $2 (44... Re2 $19 45. Nxa5 Ra2) 45. Nxa5 $11 {The position is equal.} Kf6 46. h6 Rc1 47. Nb7 Rg1+ 48. Kh5 {aiming for Nd6.} Kf7 (48... e4 $5 49. fxe4 f3 50. e5+ Kf7 51. Nd6+ Kg8 $15) 49. a5 Kg8 {Threatens to win with ...e4.} 50. Nc5 Rg3 51. Nd7 (51. Ne6 $5 {[%cal Re6g5]} e4 52. h7+ (52. Nxf4 exf3 53. Nd3 Rg2 $17) 52... Kxh7 53. a6 exf3 54. Ng5+ Rxg5+ 55. Kxg5 $11) 51... Rxf3 {...Ra3 is the strong threat.} 52. Nxe5 Re3 53. Ng4 Rg3 54. a6 Ra3 {Strongly threatening ...Ra5+.} 55. Kg5 Ra4 56. Ne5 Kh7 57. a7 Rxa7 58. Kxf4 Kxh6 59. Kf5 Kh5 60. Kf4 Kxh4 61. Nf3+ Kh5 62. Ne5 Ra8 63. Kf5 Rf8+ 64. Ke4 Kg5 65. Nf3+ Kg4 66. Ne5+ Kg3 67. Kd5 Rd8+ {Precision: White = 57%, Black = 75%.} 1/2-1/2

[Event "FIDE World Cup 2017"]
[Site "Tbilisi"]
[Date "2017.09.11"]
[Round "3.3"]
[White "Giri, Anish"]
[Black "Sethuraman, S P"]
[Result "1-0"]
[WhiteElo "2777"]
[BlackElo "2617"]
[Annotator "TA"]
[PlyCount "131"]
[EventDate "2017.??.??"]
[EventType "k.o."]
[EventCountry "GEO"]
[SourceTitle "playchess.com"]
[Source "ChessBase"]
[SourceQuality "1"]

{[%evp 22,131,16,16,32,15,16,0,0,0,0,0,0,-6,0,-14,0,0,0,-2,22,-15,21,-35,8,-33,-31,-103,-103,-100,-47,-60,-50,-78,-64,-78,-34,-33,-34,-37,0,0,12,0,0,0,34,19,43,0,76,25,22,28,18,19,20,19,20,24,37,22,29,35,43,51,55,56,52,46,104,104,29971,29972,29974,29976,29974,29977,29978,29977,29979,29978,29977,29980,29980,29981,29982,29983,29984,29985,29986,29986,29986,29987,29988,29989,29990,29991,29992,29993,29993,29994,29994,29995,29995,29996,29996,29997,29997,29998,29998,29999]} 1. e4 e5 2. Nf3 Nc6 3. Bc4 Bc5 4. O-O Nf6 5. d3 O-O 6. h3 d6 7. c3 Ne7 {C54: Giuoco Piano: 4 c3 Nf6, main lines with 5 d4 and 5 d3} (7... a6 8. a4 Ba7 9. Re1 h6 10. Nbd2 Be6 11. Bxe6 fxe6 12. b4 Qe8 13. Nf1 Nh5 14. Be3 Bxe3 15. Rxe3 Nf4 {1-0 (63) Karjakin,S (2773)-So,W (2810) Saint Louis 2017}) 8. Nbd2 Ng6 9. Re1 c6 10. Bb3 Bb6 11. Nf1 Re8 12. Ng3 {LiveBook: 17 Games} Be6 13. Bxe6 {[#]} Rxe6 $146 ({Predecessor:} 13... fxe6 14. Qb3 h6 15. Be3 Nd7 16. Rad1 {0-1 (50) Jonkman,H (2425)-Sasikiran,K (2666) Vlissingen 2004}) 14. d4 d5 15. Nxe5 Nxe5 16. dxe5 Rxe5 17. Bf4 Re6 {[%cal Rf6e4]} 18. e5 Nd7 19. Nf5 Nc5 20. Nd4 Rg6 21. Be3 Ne4 22. Qh5 (22. Nf5 $11) 22... Qc7 23. Rad1 (23. c4 $5) 23... Re8 24. f4 (24. Nf3 $1 $15) 24... f6 $1 $17 25. exf6 {[#]} Nxf6 ({Reject} 25... gxf6 $6 26. f5 $11) ({Black should try} 25... Qf7 $1 $17 26. Qe2 Rxf6) 26. Qf3 $1 $15 Ne4 27. g4 Rf6 (27... Bxd4 $5 28. Bxd4 Rf8 $17) 28. f5 Rff8 29. Qg2 Bxd4 30. Bxd4 g6 (30... c5 $5 {[%cal Rc5d4]} 31. Be3 Qc6 $15) 31. c4 b6 32. cxd5 cxd5 33. Re3 Qf7 34. Rf1 h6 {[%cal Rg6f5]} 35. b3 Kh7 (35... gxf5 $11 36. Rxf5 Qg6) 36. fxg6+ (36. Ref3 $16 g5 37. Rc1) 36... Qxg6 $11 37. Ref3 Rxf3 38. Qxf3 Ng5 39. Qxd5 {Strongly threatening Qb7+.} Nxh3+ 40. Kh2 {Intending Rf7+ and mate.} Ng5 41. Qd7+ Kg8 42. Rf5 Rf8 43. Qd5+ $40 {[%mdl 128] White has some attack.} Ne6 {White must now prevent ...Rd8.} 44. Be3 Rf7 45. Qf3 Ng5 {[#]} (45... Rf8 $14) 46. Bxg5 $1 $16 hxg5 $2 {[%mdl 12288] Endgame KQR-KQR} (46... Rxf5 $16 47. gxf5 Qxg5) 47. Qd5 {White mates.} Qh6+ 48. Kg2 Qf8 49. Rxg5+ Kh8 50. Qe5+ Rg7 51. Qxg7+ Qxg7 52. Rxg7 Kxg7 {K3P-KPP} 53. Kf3 Kf6 54. Kf4 Kg6 55. g5 {[%cal Bg4g5,Bg5g6,Bg6g7][%mdl 32]} Kg7 56. Kf5 Kf7 57. g6+ Kg7 58. Kg5 Kg8 59. Kf6 Kf8 60. g7+ Kg8 61. Kg6 b5 62. b4 {[%cal Bb3b4,Bb4a5,Ba5a6,Ba6a7][%mdl 32]} a6 63. a3 a5 64. bxa5 b4 65. a6 bxa3 66. a7 {Precision: White = 65%, Black = 39%.} 1-0

[Event "FIDE World Cup 2017"]
[Site "Tbilisi"]
[Date "2017.09.11"]
[Round "3.3"]
[White "Nepomniachtchi, Ian"]
[Black "Jobava, Baadur"]
[Result "1/2-1/2"]
[WhiteElo "2741"]
[BlackElo "2702"]
[Annotator "TA"]
[PlyCount "95"]
[EventDate "2017.??.??"]
[EventType "k.o."]
[EventCountry "GEO"]
[SourceTitle "playchess.com"]
[Source "ChessBase"]
[SourceQuality "1"]

{[%evp 15,95,34,37,22,44,36,35,33,29,28,33,32,68,61,65,72,61,39,31,29,37,33,97,95,106,88,96,93,96,110,103,38,33,36,67,70,68,66,64,62,101,101,101,106,106,100,100,100,100,100,106,106,108,94,88,91,108,108,101,72,72,74,75,76,77,36,36,8,8,8,8,8,8,8,8,8,8,8,8,8,8,0]} 1. e4 e5 2. Nf3 Nf6 3. Nxe5 d6 4. Nf3 Nxe4 5. Nc3 Nf6 6. d4 Be7 7. Bd3 O-O 8. O-O {C42: Petroff Defence: 3 Nxe5 and unusual White 3rd moves} Re8 {LiveBook: 5 Games} 9. Re1 (9. h3 Nbd7 10. Ne2 d5 11. Ng3 Bf8 12. Re1 Rxe1+ 13. Qxe1 c5 14. c3 cxd4 15. cxd4 Nb6 {0-1 (52) Wei,Y (2709)-Bu,X (2715) Shenzhen 2016}) 9... Nbd7 10. Ne2 {White is slightly better.} b6 $146 ({Predecessor:} 10... Bf8 11. b3 b6 12. Bb2 Bb7 13. Ng3 Rxe1+ 14. Qxe1 g6 15. Qd2 Bg7 {½-½ (47) Senders,J (1868)-Bondarchuk,V (1992) Maastricht 2011}) 11. c4 Bb7 12. Nc3 d5 13. Bf4 a6 14. Qb3 $36 {[%cal Rc4d5][%mdl 2048] White has good play.} Nf8 15. cxd5 Nxd5 16. Nxd5 (16. Be4 {with more complications.} c6 17. Bg3 Bf6 18. Be5 Bxe5 19. Nxe5 Ne6 20. Rad1) 16... Bxd5 17. Bxc7 Bxb3 18. Bxd8 Raxd8 ({Better is} 18... Rexd8 $14 19. axb3 (19. Rxe7 Bd5 $16) 19... Bf6) 19. axb3 $16 Bf6 20. Rxe8 Rxe8 21. Rxa6 Ne6 22. Rxb6 Nxd4 23. Bc4 ({Much less strong is} 23. Rxf6 gxf6 24. Nxd4 Rd8 $14) (23. Nd2 $16) 23... Nxf3+ $14 24. gxf3 {[%mdl 4096] Endgame KRB-KRB} Re1+ 25. Kg2 {[#] Intending Rb8+ and mate.} Kf8 $1 26. b4 {[%cal Bb3b4,Bb4b5][%mdl 32]} Bxb2 27. b5 Ke7 28. Rb7+ Kd6 29. Rxf7 Re7 30. Rf4 Kc5 31. Bd3 Bf6 32. Ra4 Re6 33. Rc4+ Kb6 34. Re4 Rd6 35. Be2 Kc5 36. f4 Rd4 37. f3 Kd5 38. Re3 Rxf4 39. Rb3 Kc5 40. Rb1 Rb4 41. Rc1+ Kd4 {The position is equal.} 42. Rc6 Rb2 43. Rc4+ Kd5 44. Re4 g5 45. Kg3 h5 46. Bc4+ Kc5 47. Re6 Bc3 48. Be2 {Precision: White = 69%, Black = 74%.} 1/2-1/2

[Event "FIDE World Cup 2017"]
[Site "Tbilisi"]
[Date "2017.09.11"]
[Round "3.3"]
[White "Vidit, Santosh Gujrathi"]
[Black "Ding, Liren"]
[Result "1/2-1/2"]
[WhiteElo "2702"]
[BlackElo "2771"]
[Annotator "TA"]
[PlyCount "94"]
[EventDate "2017.??.??"]
[EventType "k.o."]
[EventCountry "GEO"]

{[%evp 23,94,0,4,15,15,12,23,12,33,10,16,25,90,32,16,0,0,-6,0,0,0,-38,14,0,-6,-3,45,-25,-21,-20,-34,-52,0,-26,-38,-46,-43,-43,-45,-38,-43,-47,-54,-56,-49,-52,-65,-57,-39,-47,0,0,0,-32,-49,-65,-67,-70,-19,-50,-50,-80,0,0,69,0,0,0,70,0,0,0,68]} 1. d4 Nf6 2. c4 e6 3. Nf3 d5 4. Nc3 c6 5. e3 Nbd7 6. Qc2 Bd6 7. Be2 O-O 8. O-O b6 9. e4 dxe4 10. Nxe4 Nxe4 11. Qxe4 Bb7 12. Bd3 g6 {LiveBook: 13 Games. D45: Semi-Slav: 5 e3} 13. Re1 {[#]} Rb8 $146 ({Predecessor:} 13... Re8 14. Bg5 Qc7 15. Rad1 c5 16. d5 f6 17. Bh6 Ne5 18. Nxe5 Bxe5 19. Qg4 f5 20. Qg5 Bxh2+ {1-0 (39) Epishin,V (2650)-Dreev,A (2650) Tilburg 1994}) 14. Bg5 c5 15. Qh4 Qc7 16. Be4 Bxe4 17. Rxe4 cxd4 (17... f6 $11) 18. Rxd4 (18. Nxd4 $16 {Strongly threatening Qh6.} Qb7 19. Rd1) 18... Bc5 $14 19. Rd3 {[#] aiming for Rad1.} f6 20. Bh6 Rf7 21. Rad1 e5 22. Nd2 Be7 ({Black should play} 22... f5 $15) 23. Qh3 (23. Ne4 $5 {[%cal Rd3d7]} f5 24. Qg3 $11) 23... Nc5 {[%cal Bd7c5,Bc5b7,Bb7d6][%mdl 32]} 24. Rd5 Rd8 25. b4 ({Better is} 25. Rxd8+ $14 Qxd8 26. b4) 25... Rxd5 $11 26. cxd5 Nb7 $1 27. Ne4 f5 (27... Qc2 $1 $15 28. Nc3 Nd6) 28. Ng5 (28. d6 $5 Nxd6 29. Nxd6 Bxd6 30. Qb3 $15) 28... Qc2 {[%cal Rc2d1]} 29. Qd3 Qxd3 30. Rxd3 Bxg5 31. Bxg5 $15 {[%mdl 4096] Endgame KRB-KRN} Nd6 32. f3 Rc7 33. Bf6 e4 34. Rc3 Rxc3 35. Bxc3 exf3 36. gxf3 {KB-KN} Kf7 37. Kf2 g5 38. Be5 Nc4 39. Bb8 a6 40. Ke2 Kf6 (40... Ke7 $15) 41. Kd3 Ne5+ 42. Ke3 {[#]} Nc4+ (42... b5 $1 $17) 43. Kd4 $11 Nd2 ({Black should try} 43... Na3 $1 $11) 44. Ke3 Nc4+ 45. Kd4 Nd2 {Threatens to win with ...f4.} 46. Ke3 Nc4+ 47. Kd4 Nd2 {Precision: White = 42%, Black = 61%.} 1/2-1/2

[Event "FIDE World Cup 2017"]
[Site "Tbilisi"]
[Date "2017.09.11"]
[Round "3.3"]
[White "Najer, Evgeniy"]
[Black "Caruana, Fabiano"]
[Result "1/2-1/2"]
[WhiteElo "2694"]
[BlackElo "2799"]
[Annotator "TA"]
[PlyCount "67"]
[EventDate "2017.??.??"]
[EventType "k.o."]
[EventCountry "GEO"]
[SourceTitle "playchess.com"]
[Source "ChessBase"]
[SourceQuality "1"]

{[%evp 24,67,11,9,9,7,16,11,19,13,16,17,19,19,19,16,16,16,22,11,12,11,13,18,16,0,0,0,0,0,5,0,0,0,0,0,0,0,0,0,0,0,0,0,0,0]} 1. e4 e5 2. Nf3 Nc6 3. Bb5 Nf6 4. O-O Nxe4 5. Re1 Nd6 {[%cal Be4d6,Bd6e8,Be8c7][%mdl 32]} 6. Nxe5 Be7 7. Bf1 Nxe5 8. Rxe5 O-O 9. Nc3 {C67: Ruy Lopez: Berlin Defence: 4 0-0 Nxe4} Ne8 10. Nd5 Bd6 11. Re1 c6 12. Ne3 Be7 13. c4 {LiveBook: 27 Games. The position is equal.} Nc7 14. d4 d5 15. cxd5 Bb4 16. Bd2 Bxd2 17. Qxd2 {next dxc6 is good for White.} Nxd5 18. Nxd5 Qxd5 {[#]} 19. Re5 $146 Qd6 20. Bc4 Bd7 21. Rae1 Rae8 22. Qe3 {[%cal Re5e8]} Rxe5 23. dxe5 Qb4 24. Bb3 Be6 25. Rd1 Bxb3 26. axb3 $11 {[%mdl 4096] Endgame KQR-KQR} Qe7 27. f4 Rd8 28. Rxd8+ Qxd8 {KQ-KQ} 29. h3 g6 (29... a5 {with more complications.} 30. e6 Kf8 31. Qe5 fxe6 32. Qxe6 Qe8) 30. b4 h5 31. Kh2 Kg7 32. e6 fxe6 33. Qxa7 Qd6 34. Qxb7+ {Precision: White = 86%, Black = 87%.} 1/2-1/2

[Event "FIDE World Cup 2017"]
[Site "Tbilisi"]
[Date "2017.09.11"]
[Round "3.3"]
[White "Rapport, Richard"]
[Black "Li, Chao b"]
[Result "1-0"]
[WhiteElo "2675"]
[BlackElo "2745"]
[Annotator "TA"]
[PlyCount "230"]
[EventDate "2017.??.??"]
[EventType "k.o."]
[EventCountry "GEO"]
[SourceTitle "playchess.com"]
[Source "ChessBase"]
[SourceQuality "1"]

{[%evp 13,230,0,11,-7,0,0,2,-23,2,-12,0,-7,19,20,35,22,4,-32,-16,0,0,-34,-27,-35,-27,-22,-18,-27,-29,-34,-27,-65,5,2,0,-81,-71,-77,0,0,0,0,141,113,137,129,127,116,133,110,129,139,289,293,316,326,547,539,547,545,556,564,621,365,326,331,317,150,389,274,281,243,554,535,542,528,538,530,530,530,530,530,524,524,524,523,522,517,12846,6246,907,537,530,523,526,522,516,512,584,539,584,584,571,568,589,589,589,550,512,0,589,589,575,567,560,558,554,544,639,543,608,518,510,510,503,496,496,456,446,0,404,364,713,701,1135,1135,1135,1135,1125,865,1102,1099,1135,1091,1128,1117,1102,975,960,883,770,680,29950,29945,11625,10997,29950,7237,29951,29951,29954,6924,29944,5141,29946,968,961,912,904,667,533,518,29944,425,410,297,29968,29969,29969,29970,29969,29969,29970,29969,29970,29971,29971,29971,29972,29972,29972,29972,29973,29974,29974,29975,29974,29975,29975,29976,29976,29976,29975,29975,29975,29976,29976,29975,29975,29976,29976,29977,29977,29978,29978,29979,29980,29981,29983]} 1. d4 Nf6 2. c4 g6 3. g3 c6 4. Bg2 d5 5. Qa4 Bg7 6. cxd5 {D71: Fianchetto Grünfeld: 3 g3 d5 sidelines and 5 cxd5 (without Nf3)} Nxd5 7. Nf3 Bg4 {LiveBook: 4 Games} 8. Nbd2 {The position is equal.} Nb6 9. Qa3 Na6 $146 ({Find the theoretical novelty and annotate with similar games:} 9... O-O 10. h3 Bxf3 11. Nxf3 Bxd4 12. Nxd4 Qxd4 13. Qxe7 {0-1 (77) Tregubov,P (2614)-Saric,I (2661) Yerevan 2014}) 10. h3 Be6 11. e3 O-O 12. O-O {[#]} c5 $1 {[%mdl 512]} 13. dxc5 Nc4 14. Nxc4 Bxc4 15. c6 bxc6 16. Re1 Rb8 17. Nd4 (17. Qa4 $5 {[%cal Ra4c4]} Bb5 18. Qa3 $11) 17... Nb4 $1 18. Nxc6 ({Of course not} 18. Qxa7 Qd6 $17) 18... Nxc6 19. Bxc6 Qc7 20. Qa4 Bd3 21. e4 Be5 22. Qa3 Rfd8 (22... Bc2 $1 $15 23. Bd5 e6) 23. Bd5 $11 Bc2 $1 24. Bg5 (24. Qf3 $11 {keeps the balance.} e6 25. Bb3) 24... Bxb2 $17 25. Qf3 {[#]} Rf8 ({Black should play} 25... e6 $1 $17 {[%cal Re6d5]} 26. Bxd8 Rxd8) 26. Bf4 Qc3 27. Re3 $36 {[%mdl 2048] White has good play.} Qd4 (27... Qa5 $11) 28. Rf1 Rb6 29. Bh6 Rf6 30. Qe2 Rc8 31. Bg5 {[%cal Bh6g5,Bg5e7,Be7d6,Bd6f4,Bf4c7][%mdl 32]} Rb6 32. Bxe7 Ba4 (32... Qe5 $16) 33. Qf3 $18 Be8 34. e5 {[%cal Be4e5,Be5e6][%mdl 32]} Rb5 $2 {[#]} (34... h5 {is a better defense.} 35. Bd6 Qd2) 35. Be6 $1 {[%mdl 512]} Rcb8 (35... fxe6 36. Qf8#) 36. Bd6 Rd8 37. Bb3 Qb6 38. e6 {[%cal Re6f7]} Rf5 39. Bf4 Bd4 40. Re4 (40. Re2 $18 {and White stays clearly on top.}) 40... a5 $2 (40... Bc6 $16 {was called for.} 41. exf7+ Kg7) 41. g4 Rf6 42. Qg3 {Strongly threatening Bc7.} a4 $2 (42... Qc6 {is more resistant.} 43. e7 Rd7) 43. Bc7 Bxf2+ 44. Rxf2 Rd3 45. exf7+ Bxf7 46. Bxf7+ Kxf7 47. Bxb6 {Threatening mate with Qc7+.} Rxg3+ 48. Kh2 Rxf2+ 49. Bxf2 {[%mdl 4096] Endgame KRB-KR} Ra3 50. Re7+ Kf6 (50... Kg8 $142 51. Re2 Kf7) 51. Bd4+ Kg5 52. Re2 Kf4 53. Bf2 Kf3 54. Rc2 Rd3 55. Bc5 h5 56. Rf2+ Ke4 57. g5 Rd5 58. Be7 Ke3 59. Rf6 h4 60. Re6+ Kf3 {intending ...Rd2+.} 61. Rf6+ Ke3 $1 62. a3 Rd2+ 63. Kg1 Rd5 64. Rf2 Rd7 65. Kf1 Rd1+ 66. Kg2 Rd7 67. Rf3+ Ke4 68. Bf6 Rd2+ 69. Rf2 Rd3 70. Re2+ Kf4 71. Rf2+ Ke4 72. Rb2 Rxa3 $2 (72... Rg3+ 73. Kf2 Rf3+ 74. Ke2 Re3+ 75. Kd2 Rd3+ 76. Kc2 Rxh3 77. Rb4+ Kf3) 73. Rb4+ Kf5 74. Rxh4 Ra2+ 75. Kf3 Ra3+ 76. Ke2 Ra2+ 77. Kd3 a3 78. Ra4 Rg2 79. Ra5+ Kf4 80. Kc4 a2 81. Kb3 Rg3+ 82. Kxa2 Rxh3 83. Ra4+ Kf5 84. Kb2 Rd3 85. Kc2 (85. Ra3 $142 Rd5 86. Kc3 Kg4 87. Ra4+ Kh5 88. Ra1 Rf5 89. Kd4 Kg4 90. Rg1+ Kh5 91. Re1) 85... Rd7 86. Kc3 Rd1 87. Rd4 (87. Kc4 $142 Rc1+ 88. Kd4 Rd1+ 89. Ke3 Re1+ 90. Kf3 Rf1+ 91. Ke3 Re1+ 92. Kd3) 87... Re1 88. Kd2 (88. Rd6 $142 Rg1 89. Rd5+ Ke4 90. Re5+ Kf4 91. Kc4 Rb1 92. Kc5 Rd1 93. Rd5) 88... Re6 89. Kd1 (89. Rb4 $142 Ra6 90. Rb5+ Ke4 91. Re5+ Kf4 92. Kd3 Ra3+ 93. Kc4 Ra6 94. Rd5) 89... Re3 90. Rd2 Kg4 91. Re2 Rb3 92. Ke1 Rb1+ (92... Kf4 $18 93. Re5 Rb6) 93. Kf2 (93. Kd2 $142 Rb3 94. Re4+ Kf5 95. Rd4 Rg3 96. Rd5+ Ke4 97. Rb5 Ra3 98. Kc2) 93... Rb4 94. Kg2 Kh5 $2 (94... Rf4 $18 95. Re5 Kh4) 95. Kf3 {White mates.} Rb3+ 96. Kf4 Rb4+ 97. Ke5 Rh4 98. Kd6 Ra4 99. Rh2+ Kg4 100. Ke6 Ra7 101. Rh6 Ra6+ 102. Kf7 Kf5 103. Rh1 Ra7+ 104. Be7 Rb7 105. Rf1+ Kg4 106. Kxg6 Rxe7 {KR-KR} 107. Rg1+ Kf4 108. Kh6 Re2 109. g6 {[%cal Bg5g6,Bg6g7][%mdl 32]} Kf5 110. Rf1+ Ke6 111. g7 Rh2+ 112. Kg6 Rg2+ 113. Kh7 Rh2+ 114. Kg8 Ra2 115. Rh1 Kd5 {Precision: White = 58%, Black = 32%.} 1-0